000 00935nam a22001937a 4500
999 _c7100
_d7100
005 20251125232812.0
008 s2537 th tha d
040 _aNALT
041 _atha
050 _aDR210 ท622ด 2537
100 0 _aเทพรัตนราชสุดาฯ สยามบรมราชกุมารี, สมเด็จพระ
245 1 0 _aแดร๊กคูล่าผู้น่ารัก
260 3 _aกรุงเทพฯ :
_bธนาคารไทยพาณิชย์และมูลนิธิสมเด็จพระเทพรัตนราชสุดา,
_c2537
300 _a290 หน้า :
_b ภาพประกอบ ;
_c 27 ซม.
650 0 4 _aฮังการี -- ภูมิประเทศและการท่องเที่ยว
850 _aNALT
856 4 0 _uhttps://hdl.handle.net/20.500.14156/331171
_71
942 _cGB
_2lcc